<?xml version="1.0" encoding="UTF-8"?><?xml-stylesheet type="text/xsl" href="static/style.xsl"?><OAI-PMH xmlns="http://www.openarchives.org/OAI/2.0/" xmlns:xsi="http://www.w3.org/2001/XMLSchema-instance" xsi:schemaLocation="http://www.openarchives.org/OAI/2.0/ http://www.openarchives.org/OAI/2.0/OAI-PMH.xsd"><responseDate>2026-04-27T21:26:50Z</responseDate><request verb="GetRecord" identifier="oai:uvadoc.uva.es:10324/45587" metadataPrefix="marc">https://uvadoc.uva.es/oai/request</request><GetRecord><record><header><identifier>oai:uvadoc.uva.es:10324/45587</identifier><datestamp>2025-03-11T09:13:25Z</datestamp><setSpec>com_10324_1131</setSpec><setSpec>com_10324_931</setSpec><setSpec>com_10324_894</setSpec><setSpec>com_10324_41462</setSpec><setSpec>com_10324_954</setSpec><setSpec>col_10324_1201</setSpec><setSpec>col_10324_41463</setSpec></header><metadata><record xmlns="http://www.loc.gov/MARC21/slim" xmlns:doc="http://www.lyncode.com/xoai" xmlns:xsi="http://www.w3.org/2001/XMLSchema-instance" xmlns:dcterms="http://purl.org/dc/terms/" xsi:schemaLocation="http://www.loc.gov/MARC21/slim http://www.loc.gov/standards/marcxml/schema/MARC21slim.xsd">
<leader>00925njm 22002777a 4500</leader>
<datafield tag="042" ind1=" " ind2=" ">
<subfield code="a">dc</subfield>
</datafield>
<datafield tag="720" ind1=" " ind2=" ">
<subfield code="a">Mendoza, Carmen de</subfield>
<subfield code="e">author</subfield>
</datafield>
<datafield tag="720" ind1=" " ind2=" ">
<subfield code="a">Rodríguez, Carmen</subfield>
<subfield code="e">author</subfield>
</datafield>
<datafield tag="720" ind1=" " ind2=" ">
<subfield code="a">Eiros Bouza, José María</subfield>
<subfield code="e">author</subfield>
</datafield>
<datafield tag="720" ind1=" " ind2=" ">
<subfield code="a">Colomina, Javier</subfield>
<subfield code="e">author</subfield>
</datafield>
<datafield tag="720" ind1=" " ind2=" ">
<subfield code="a">García, Federico</subfield>
<subfield code="e">author</subfield>
</datafield>
<datafield tag="720" ind1=" " ind2=" ">
<subfield code="a">Leiva, Pilar</subfield>
<subfield code="e">author</subfield>
</datafield>
<datafield tag="720" ind1=" " ind2=" ">
<subfield code="a">Torre Cisneros, Julián</subfield>
<subfield code="e">author</subfield>
</datafield>
<datafield tag="720" ind1=" " ind2=" ">
<subfield code="a">Aguero, Jesús</subfield>
<subfield code="e">author</subfield>
</datafield>
<datafield tag="720" ind1=" " ind2=" ">
<subfield code="a">Pedreira, José</subfield>
<subfield code="e">author</subfield>
</datafield>
<datafield tag="720" ind1=" " ind2=" ">
<subfield code="a">Viciana Ramos, María Isabel</subfield>
<subfield code="e">author</subfield>
</datafield>
<datafield tag="720" ind1=" " ind2=" ">
<subfield code="a">Corral, Angélica</subfield>
<subfield code="e">author</subfield>
</datafield>
<datafield tag="720" ind1=" " ind2=" ">
<subfield code="a">Romero, Jorge del</subfield>
<subfield code="e">author</subfield>
</datafield>
<datafield tag="720" ind1=" " ind2=" ">
<subfield code="a">Ortiz de Lejarazu Leonardo, Raúl</subfield>
<subfield code="e">author</subfield>
</datafield>
<datafield tag="720" ind1=" " ind2=" ">
<subfield code="a">Soriano, Vincent</subfield>
<subfield code="e">author</subfield>
</datafield>
<datafield tag="260" ind1=" " ind2=" ">
<subfield code="c">2005</subfield>
</datafield>
<datafield tag="520" ind1=" " ind2=" ">
<subfield code="a">Background: Human immunodeficiency virus (HIV) treatment guidelines have evolved, shifting from more-aggressive to more-conservative approaches. The potential impact of these shifts on the transmission of drug-resistant virus is unknown.&#xd;
Methods: Drug-resistance genotypes were examined in all consecutive patients with recent HIV type 1 (HIV-1) seroconversion (hereafter, "HIV-1 seroconverters") seen at 10 Spanish hospitals since 1997. During the same period, the proportion of patients with chronic HIV-1 infection having undetectable viremia was examined, to estimate the extent and effectiveness of antiretroviral therapy.&#xd;
Results: A total of 141 recent HIV-1 seroconverters were identified, 67.4% of whom were men who have sex with men. The rate of primary drug-resistance mutations, by year of infection, was 33.3% for 1997, 29.4% for 1998, 20% for 1999, 14.3% for 2000, 3.4% for 2001, 15.4% for 2002, and 10.9% for 2003. On the other hand, the proportion of 8388 persons with chronic HIV-1 carriage who had an undetectable virus load was 33.4% for 1997, 34.6% for 1998, 39.7% for 1999, 47.5% for 2000, 52.9% for 2001, 39.7% for 2002, and 58.1% for 2003. A significant inverse correlation between transmission of drug-resistant HIV-1 and undetectable virus load was found (r=-0.955, by Spearman's test; P=.001). The lowest rate of transmission of drug-resistant HIV-1 was seen in 2001, when relatively "aggressive" treatment guidelines were used. Transmission of drug-resistant HIV-1 increased in 2002, in parallel with a reduction in the number of patients with chronic HIV-1 carriage and undetectable virus load, reflecting the popularity of drug holidays or treatment interruptions.&#xd;
Conclusion: The rate of drug resistance in recent HIV-1 seroconverters inversely correlates with the proportion of chronically HIV-1-infected individuals who have undetectable virus loads in the same region, which indirectly reflects antiretroviral treatment rules at any given time.</subfield>
</datafield>
<datafield tag="024" ind2=" " ind1="8">
<subfield code="a">Clinical Infectious Diseases, 2005, vol. 41, n.2, p. 227-232</subfield>
</datafield>
<datafield tag="024" ind2=" " ind1="8">
<subfield code="a">1058-4838</subfield>
</datafield>
<datafield tag="024" ind2=" " ind1="8">
<subfield code="a">http://uvadoc.uva.es/handle/10324/45587</subfield>
</datafield>
<datafield tag="024" ind2=" " ind1="8">
<subfield code="a">10.1086/431203</subfield>
</datafield>
<datafield tag="024" ind2=" " ind1="8">
<subfield code="a">227</subfield>
</datafield>
<datafield tag="024" ind2=" " ind1="8">
<subfield code="a">2</subfield>
</datafield>
<datafield tag="024" ind2=" " ind1="8">
<subfield code="a">232</subfield>
</datafield>
<datafield tag="024" ind2=" " ind1="8">
<subfield code="a">Clinical Infectious Diseases</subfield>
</datafield>
<datafield tag="024" ind2=" " ind1="8">
<subfield code="a">41</subfield>
</datafield>
<datafield tag="024" ind2=" " ind1="8">
<subfield code="a">1537-6591</subfield>
</datafield>
<datafield tag="245" ind1="0" ind2="0">
<subfield code="a">Antiretroviral recommendations may influence the rate of transmission of drug‐resistant HIV type 1</subfield>
</datafield>
</record></metadata></record></GetRecord></OAI-PMH>